College Campuses and Rivers Quiz Stats

 Plays Quiz not verified by Sporcle

Score 0/20 Timer 05:00
0 Plays Today
College River % Correct
Georgetown UniversityPotomac River
84.8%
Louisiana State UniversityMississippi River
82.6%
Massachusetts Institute of Technology Charles River
71.7%
Columbia UniversityHudson River
67.4%
University of TennesseeTennessee River
54.3%
University of IowaIowa River
39.1%
University of PennsylvaniaSchuylkill River
32.6%
Boise State University Boise River
23.9%
Baylor UniversityBrazos River
21.7%
US Naval AcademySevern River
21.7%
College River % Correct
University of OregonWillamette River
19.6%
West Virginia UniversityMonongahela River
17.4%
University DaytonGreat Miami River
17.4%
Ohio State UniversityOlentangy River
13%
Gonzaga UniversitySpokane River
13%
The CitadelAshley River
13%
University of AlabamaBlack Warrior River
10.9%
University of MichiganHuron River
4.3%
University of GeorgiaOconee River
2.2%
Michigan State UniversityRed Cedar River
2.2%

You're not logged in!

Compare scores with friends on all Sporcle quizzes.
OR
Log In

You Might Also Like...

Show Comments

Extras

Top Quizzes Today


Score Distribution

Your Account Isn't Verified!

In order to create a playlist on Sporcle, you need to verify the email address you used during registration. Go to your Sporcle Settings to finish the process.

Report this User

Report this user for behavior that violates our Community Guidelines.

Details: